Quick Pick: Basic Tastes Quiz Stats

 Plays Quiz Updated Apr 12, 2017

Support Sporcle.
Go Orange.
Score 0/5 Timer 00:30
0 Plays Today
% Correct
Sweet
96.8%
Sour
95.1%
Salty
94.8%
Bitter
90.7%
Umami
50.8%

Today's Daily Dose

Word Ladder
Movies of 1992

Get the Picture
Coffee or Tea

You're not logged in!

Compare scores with friends on all Sporcle quizzes.
OR
Log In

From the Vault

Soccer Players Mapped Out II

by sixte105

This quiz is just the soccer version of those Indiana Jones map sequences.
Remove Ads.
Support Sporcle.
Get the best of Sporcle when you Go Orange. This ad-free experience offers more features, more stats, and more fun while also helping to support Sporcle. Thank you for becoming a member.

Show Comments

Extras

Top Quizzes Today


Score Distribution

Your Account Isn't Verified!

In order to create a playlist on Sporcle, you need to verify the email address you used during registration. Go to your Sporcle Settings to finish the process.

Report this User

Report this user for behavior that violates our Community Guidelines.

Details: